Hujan Pagi

Bibliographic Details
Main Author: A. Samad Said
Format: Book
Published: Kuala Lumpur : Dewan Bahasa dan Pustaka , 1987
Subjects:

MARC

LEADER 00000cam a2200000 7i4500
001 0000000628
005 20050422.0
040 |a INS 
090 0 0 |a PL5139.A1982   |b H85 1987 
100 1 |a A. Samad Said 
245 1 0 |a Hujan Pagi   |c A. Samad Said 
260 |a Kuala Lumpur :   |b Dewan Bahasa dan Pustaka ,   |c 1987 
300 |a 418 p. ;   |c 20 cm. 
650 0 0 |a Malay fiction 
650 0 0 |a Malay literature 
999 |a 0000002470   |b BOOK   |c Open Shelf   |e Default branch